| 000 | 01348nam a2200361Ia 4500 | ||
|---|---|---|---|
| 001 | ebr10428215 | ||
| 003 | CaPaEBR | ||
| 006 | m u | ||
| 007 | cr cn||||||||| | ||
| 008 | 100615s2010 enk sb 001 0 eng d | ||
| 010 | _z 2010024834 | ||
| 020 | _z9781409403937 | ||
| 020 | _z9781409403944 | ||
| 040 |
_aCaPaEBR _cCaPaEBR |
||
| 035 | _a(OCoLC)689997325 | ||
| 050 | 1 | 4 |
_aHQ77.9 _b.E57 2010eb |
| 082 | 0 | 4 |
_a306.76/8 _222 |
| 100 | 1 |
_aElliot, Patricia, _d1955- |
|
| 245 | 1 | 0 |
_aDebates in transgender, queer, and feminist theory _h[electronic resource] : _bcontested sites / _cby Patricia Elliot. |
| 260 |
_aFarnham, Surrey, UK ; _aBurlington, VT : _bAshgate Pub., _cc2010. |
||
| 300 | _axvi, 185 p. | ||
| 490 | 1 | _aQueer interventions | |
| 504 | _aIncludes bibliographical references and index. | ||
| 533 |
_aElectronic reproduction. _bPalo Alto, Calif. : _cebrary, _d2011. _nAvailable via World Wide Web. _nAccess may be limited to ebrary affiliated libraries. |
||
| 650 | 0 | _aTransgenderism. | |
| 650 | 0 | _aFeminist theory. | |
| 650 | 0 | _aGender identity. | |
| 650 | 0 | _aQueer theory. | |
| 655 | 7 |
_aElectronic books. _2local |
|
| 710 | 2 | _aebrary, Inc. | |
| 830 | 0 | _aQueer interventions. | |
| 856 | 4 | 0 |
_uhttp://site.ebrary.com/lib/rucke/Doc?id=10428215 _zAn electronic book accessible through the World Wide Web; click to view |
| 999 |
_c239575 _d239575 |
||